000 00455nam a2200181Ia 4500
008 171120s9999 xx 000 0 und d
020 _a9.7807172059e+012
050 _a372.4
050 _bL968 2008
100 _aLusardi, Donna M.
245 _aHome and school reading and study guides /
245 _cDonna M. Lusardi.
260 _aUSA :
260 _bGroiler Limited,
260 _c2008
300 _a266 pages :
300 _billustrations ;
999 _c345044
_d345044